El derecho frente a la relacin̤ del hombre con la tierra en el trǹsito de la edad media a la edad moderna

Detalles Bibliográficos
Autor principal: Montanos Ferrn̕, Emma
Formato: eBook
Lenguaje:español
Publicado: Madrid: Dykinson, 2019
Materias:
Acceso en línea:Acceso restringido

MARC

LEADER 00000nam a22000007a 4500
005 20190828133417.0
007 cr|||| ||||
008 190828s2019 es |||||s|||| 00||0 spa d
020 |a 978-84-1324-238-5 
035 |a 24233 
040 |a vLex 
090 |c 9310  |d 9310 
100 1 |a Montanos Ferrn̕, Emma 
245 1 2 |a El derecho frente a la relacin̤ del hombre con la tierra en el trǹsito de la edad media a la edad moderna  |h [Recurso electrn̤ico] /  |c Emma Montanos Ferrn̕ 
256 |a Servicio en ln̕ea 
260 |a Madrid:  |b Dykinson,  |c 2019 
300 |a 1 recurso electrn̤ico 
500 |a El deterioro, a gran escala, de la Naturaleza hoy, en buena medida causado por comportamientos y malos usos del hombre, es una evidencia que obliga a que ša se defienda y modifique sus propios cauces como, por ejemplo, los que han llevado al cambio climt̀ico que estamos ya viviendo. Tambiň se ha despertado cierta conciencia hacia el respeto de la misma. No hay ms̀ que echar un vistazo a los importantes y diversos movimientos de carc̀ter ecologista que han impulsado, con diferente x̌ito, a que los poderes polt̕icos acte︢n y pongan en marcha diversidad de disposiciones en aras de la conservacin̤ del medio ambiente. La cuestin̤ a la que este libro, en concretos aspectos jurd̕icos, pretende dar respuesta, centra su observacin̤ histr̤ica sobre el ejercicio de conductas ‘buenas’ y ‘malas’ del hombre con relacin̤ a los medios de subsistencia que le proporcionaba la obra de Dios, su entorno natural del que es inseparable, al que de ordinario no vulnera y al que solamente se enfrenta en situaciones excepcionales. Las diversas aportaciones que componen esta obra ponen de manifiesto la reaccin̤ del Derecho frente a la relacin̤ del hombre con la tierra dentro del espacio temporal que abarca el trǹsito de la Edad Media a la Edad Moderna (siglos XI-XVI). Este pero̕do, considerado coincidente con el esplendor del derecho comn︢, ofreci ̤a los autores la peculiaridad de analizar, dentro del sistema del ius commune, los derechos propios y el derecho comn︢, tanto por lo que se refiere al ius civile, como al ius canonico en los temas especf̕icos tratados. Nos brind ̤tambiň la posibilidad de estudiar cm̤o el derecho reacciona ante los problemas de la Naturaleza propios del Nuevo Mundo (Las Indias, Ultramar), incorporado a la Corona de Castilla en el siglo XVI y que, por sus diversas condiciones geogrf̀icas y ambientales, resultaron ser diferentes a los del Viejo Mundo. 
506 1 |a Disponible solo en los productos indicados  |d vLex Global  |d vLex Global (Academic Edition, excluding Law Schools)  |d vLex Global (U.S. Academic Edition, Law Schools)  |d vLex Global (U.S. Academic Edition, excluding Law Schools)  |d vLex Global (Academic Edition, Law Schools) 
650 0 4 |a Derecho Militar  |z Espaą 
740 0 |a vLex Libros (Servicio en ln̕ea) 
856 4 0 |u http://vlex.com/source/derecho-frente-a-la-relacion-del-hombre-con-la-tierra-en-el-transito-de-la-edad-media-a-la-edad-moderna-24233  |z Acceso restringido 
942 |c BOOK 
999 0 |a Military Law